Korean Actors by Picture #1 - Statistics

General Stats
  • This quiz has been taken 234 times
  • The average score is 8 of 16
Answer Stats
Picture Answer % Correct
Cha Eunwoo
90%
Song Kang
79%
Hwang Inyeop
62%
Jung Haein
61%
Kim Soohyun
59%
Nam Joohyuk
57%
Lee Jongsuk
52%
Ahn Hyoseop
48%
Im Siwan
47%
Choi Minho
46%
Choi Hyunwook
43%
Ahn Bohyun
40%
Lee Junho
40%
Kim Minkyu
34%
Lee Jehoon
24%
Kim Youngdae
21%
No matching quizzes found
Score Distribution
Percent of People with Each Score
Percentile by Number Answered
Your Score History
You have not taken this quiz